Appelle-moi sorcière, Solann paroles - Statistiques

Statistiques générales
  • Ce quiz a été pris 7 fois
  • Le résultat moyen est 190 sur 225
Statistiques - réponses
Réponse % Correct
À
100%
amour
100%
Appelle
100%
beau
100%
ce
100%
Ce
100%
contre
100%
des
100%
et
100%
Et
100%
la
100%
le
100%
Les
100%
les
100%
Ma
100%
Mais
100%
mangera,
100%
me
100%
Mes
100%
moi
100%
mon
100%
on
100%
On
100%
os
100%
peau
100%
Promis,
100%
que
100%
se
100%
sera
100%
Si
100%
sombre
100%
"sorcière",
100%
te
100%
terrifiant,
100%
tu
100%
Tu
100%
ange
75%
cou
75%
dans
75%
en
75%
Ils
75%
ils
75%
Je
75%
je
75%
langue
75%
pour
75%
ta
75%
ton
75%
tout
75%
anges
50%
Au
50%
bout
50%
brillent
50%
chose
50%
cœur
50%
délie
50%
délivre,
50%
dents
50%
ferai
50%
fort,
50%
furie
50%
gloire
50%
honneur
50%
jure
50%
jusqu'au
50%
maudire,
50%
mienne
50%
nom
50%
nous
50%
ongles
50%
perds
50%
plus
50%
Plus
50%
raison
50%
resteront
50%
serrant
50%
tellement
50%
tombant
50%
toute
50%
un
50%
aime
25%
crament,
25%
désastre,
25%
faire,
25%
flous
25%
J'nous
25%
massacre,
25%
m'offres
25%
promets
25%
Qu'on
25%
revoir
25%
savoure
25%
s'embrasent
25%
soudainement
25%
spectacle
25%
trop
25%
va
25%
vas
25%
Aucun quiz correspondant
Distribution des résultats
% des personnes avec chaque résultat
Percentile par nombre de réponses
Votre historique - résultats
Vous n’avez pas pris ce quiz